Cauce de conflictos: problemática histórica del Río San Juan desde 1838 /
Kaydedildi:
| Yazar: | |
|---|---|
| Materyal Türü: | Metin |
| Konular: | |
| Etiketler: |
Etiketle
Etiket eklenmemiş, İlk siz ekleyin!
|
MARC
| LEADER | 00000 a a2200000 04500 | ||
|---|---|---|---|
| 001 | 17099 | ||
| 003 | |||
| 040 | |||
| 100 | |a De la Cruz de Lemos, Vladimir | ||
| 245 | |a Cauce de conflictos: |b problemática histórica del Río San Juan desde 1838 / |c Vladimir De la Cruz de Lemos | ||
| 650 | |a FRONTERAS | ||
| 650 | |a CONFLICTOS | ||
| 650 | |a ANALISIS HISTORICO | ||
| 650 | |a VIOLENCIA | ||
| 773 | |g volumen 6, número 3; páginas 327-334 | ||
| 999 | |c 37562 |d 37562 | ||
